難読市区町村名 - Statistics

General Stats
  • This quiz has been taken 169 times
    137 since last reset
  • The average score is 17 of 20
Answer Stats
都道府県 市区町村 答え % Correct
北海道 赤平市 あかびら
100%
北海道 厚岸町 あっけし
100%
北海道 厚沢部町 あっさぶ
100%
北海道 網走市 あばしり
100%
北海道 石狩市 いしかり
100%
北海道 歌志内市 うたしない
100%
北海道 枝幸町 えさし
100%
北海道 雄武町 おうむ
100%
北海道 長万部町 おしゃまんべ
100%
北海道 音更町 おとふけ
100%
北海道 乙部町 おとべ
100%
北海道 喜茂別町 きもべつ
100%
北海道 倶知安町 くっちゃん
100%
北海道 猿払村 さるふつ
100%
北海道 標茶町 しべちゃ
100%
北海道 占冠村 しむかっぷ
100%
北海道 積丹町 しゃこたん
100%
北海道 初山別村 しょさんべつ
100%
北海道 白老町 しらおい
100%
北海道 新篠津村 しんしのつ
100%
北海道 壮瞥町 そうべつ
100%
北海道 秩父別町 ちっぷべつ
100%
北海道 千歳市 ちとせ
100%
北海道 弟子屈町 てしかが
100%
北海道 洞爺湖町 とうやこ
100%
北海道 苫小牧市 とまこまい
100%
北海道 苫前町 とままえ
100%
北海道 中札内村 なかさつない
100%
北海道 中標津町 なかしべつ
100%
北海道 中頓別町 なかとんべつ
100%
北海道 名寄市 なよろ
100%
北海道 南幌町 なんぽろ
100%
北海道 新冠町 にいかっぷ
100%
北海道 函館市 はこだて
100%
北海道 東神楽町 ひがしかぐら
100%
北海道 美唄市 びばい
100%
北海道 富良野市 ふらの
100%
北海道 幌加内町 ほろかない
100%
北海道 増毛町 ましけ
100%
北海道 南富良野町 みなみふらの
100%
北海道 室蘭市 むろらん
100%
北海道 芽室町 めむろ
100%
北海道 留寿都村 るすつ
100%
北海道 留萌市 るもい
100%
北海道 礼文町 れぶん
100%
北海道 稚内市 わっかない
100%
北海道 和寒町 わっさむ
100%
青森県 大鰐町 おおわに
100%
青森県 風間浦村 かざまうら
100%
青森県 五戸町 ごのへ
100%
青森県 三戸町 さんのへ
100%
青森県 田子町 たっこ
100%
青森県 八戸市 はちのへ
100%
青森県 弘前市 ひろさき
100%
青森県 六戸町 ろくのへ
100%
岩手県 九戸村 くのへ
100%
岩手県 滝沢市 たきざわ
100%
岩手県 田野畑村 たのはた
100%
岩手県 二戸市 にのへ
100%
岩手県 八幡平市 はちまんたい
100%
宮城県 大郷町 おおさと
100%
宮城県 女川町 おながわ
100%
宮城県 気仙沼市 けせんぬま
100%
宮城県 塩竈市 しおがま
100%
宮城県 登米市 とめ
100%
宮城県 亘理町 わたり
100%
秋田県 男鹿市 おが
100%
秋田県 鹿角市 かづの
100%
山形県 最上町 もがみ
100%
福島県 会津若松市 あいづわかまつ
100%
福島県 猪苗代町 いなわしろ
100%
福島県 郡山市 こおりやま
100%
福島県 鮫川村 さめがわ
100%
福島県 只見町 ただみ
100%
福島県 伊達市 だて
100%
福島県 浪江町 なみえ
100%
茨城県 潮来市 いたこ
100%
茨城県 神栖市 かみす
100%
茨城県 那珂市 なか
100%
茨城県 常陸太田市 ひたちおおた
100%
茨城県 常陸大宮市 ひたちおおみや
100%
茨城県 鉾田市 ほこた
100%
栃木県 足利市 あしかが
100%
栃木県 下野市 しもつけ
100%
栃木県 那珂川町 なかがわ
100%
栃木県 芳賀町 はが
100%
栃木県 茂木町 もてぎ
100%
群馬県 安中市 あんなか
100%
群馬県 邑楽町 おうら
100%
群馬県 嬬恋村 つまごい
100%
埼玉県 入間市 いるま
100%
埼玉県 越生町 おごせ
100%
埼玉県 春日部市 かすかべ
100%
埼玉県 鴻巣市 こうのす
100%
埼玉県 越谷市 こしがや
100%
埼玉県 狭山市 さやま
100%
埼玉県 秩父市 ちちぶ
100%
埼玉県 羽生市 はにゅう
100%
埼玉県 飯能市 はんのう
100%
埼玉県 東秩父村 ひがしちちぶ
100%
埼玉県 三芳町 みよし
100%
埼玉県 毛呂山町 もろやま
100%
埼玉県 横瀬町 よこぜ
100%
埼玉県 蕨市 わらび
100%
千葉県 我孫子市 あびこ
100%
千葉県 木更津市 きさらづ
100%
千葉県 鋸南町 きょなん
100%
千葉県 山武市 さんむ
100%
千葉県 酒々井町 しすい
100%
千葉県 東庄町 とうのしょう
100%
千葉県 八街市 やちまた
100%
千葉県 四街道市 よつかいどう
100%
東京都 足立区 あだち
100%
東京都 青梅市 おうめ
100%
東京都 葛飾区 かつしか
100%
東京都 狛江市 こまえ
100%
東京都 台東区 たいとう
100%
東京都 八丈町 はちじょう
100%
東京都 福生市 ふっさ
100%
東京都 三宅村 みやけ
100%
神奈川県 相模原市 さがみはら
100%
神奈川県 茅ヶ崎市 ちがさき
100%
神奈川県 箱根町 はこね
100%
神奈川県 平塚市 ひらつか
100%
神奈川県 大和市 やまと
100%
新潟県 糸魚川市 いといがわ
100%
新潟県 小千谷市 おぢや
100%
新潟県 新発田市 しばた
100%
富山県 射水市 いみず
100%
富山県 滑川市 なめりかわ
100%
富山県 南砺市 なんと
100%
富山県 氷見市 ひみ
100%
富山県 舟橋村 ふなはし
100%
石川県 珠洲市 すず
100%
石川県 能登町 のと
100%
石川県 野々市市 ののいち
100%
石川県 羽咋市 はくい
100%
福井県 越前市 えちぜん
100%
福井県 小浜市 おばま
100%
福井県 鯖江市 さばえ
100%
福井県 敦賀市 つるが
100%
山梨県 忍野村 おしの
100%
山梨県 甲斐市 かい
100%
山梨県 甲州市 こうしゅう
100%
山梨県 韮崎市 にらさき
100%
山梨県 北杜市 ほくと
100%
山梨県 身延町 みのぶ
100%
長野県 安曇野市 あづみの
100%
長野県 麻績村 おみ
100%
長野県 小海町 こうみ
100%
長野県 小諸市 こもろ
100%
長野県 諏訪市 すわ
100%
長野県 立科町 たてしな
100%
長野県 千曲市 ちくま
100%
長野県 茅野市 ちの
100%
岐阜県 安八町 あんぱち
100%
岐阜県 揖斐川町 いびがわ
100%
岐阜県 可児市 かに
100%
岐阜県 岐阜市 ぎふ
100%
岐阜県 下呂市 げろ
100%
岐阜県 多治見市 たじみ
100%
岐阜県 垂井町 たるい
100%
岐阜県 土岐市 とき
100%
岐阜県 山県市 やまがた
100%
静岡県 熱海市 あたみ
100%
静岡県 伊豆市 いず
100%
静岡県 磐田市 いわた
100%
静岡県 函南町 かんなみ
100%
静岡県 裾野市 すその
100%
愛知県 愛西市 あいさい
100%
愛知県 大府市 おおぶ
100%
愛知県 蒲郡市 がまごおり
100%
愛知県 刈谷市 かりや
100%
愛知県 江南市 こうなん
100%
愛知県 設楽町 したら
100%
愛知県 常滑市 とこなめ
100%
愛知県 扶桑町 ふそう
100%
愛知県 碧南市 へきなん
100%
滋賀県 近江八幡市 おうみはちまん
100%
滋賀県 甲賀市 こうか
100%
滋賀県 湖南市 こなん
100%
滋賀県 米原市 まいばら
100%
滋賀県 栗東市 りっとう
100%
京都府 笠置町 かさぎ
100%
京都府 南丹市 なんたん
100%
京都府 舞鶴市 まいづる
100%
京都府 向日市 むこう
100%
京都府 八幡市 やわた
100%
京都府 与謝野町 よさの
100%
大阪府 和泉市 いずみ
100%
大阪府 交野市 かたの
100%
大阪府 吹田市 すいた
100%
大阪府 太子町 たいし
100%
大阪府 高槻市 たかつき
100%
大阪府 富田林市 とんだばやし
100%
大阪府 羽曳野市 はびきの
100%
大阪府 枚方市 ひらかた
100%
大阪府 箕面市 みのお
100%
兵庫県 相生市 あいおい
100%
兵庫県 赤穂市 あこう
100%
兵庫県 朝来市 あさご
100%
兵庫県 上郡町 かみごおり
100%
兵庫県 三田市 さんだ
100%
兵庫県 高砂市 たかさご
100%
奈良県 安堵町 あんど
100%
奈良県 斑鳩町 いかるが
100%
奈良県 生駒市 いこま
100%
奈良県 宇陀市 うだ
100%
奈良県 橿原市 かしはら
100%
奈良県 葛城市 かつらぎ
100%
奈良県 御所市 ごせ
100%
和歌山県 有田市 ありだ
100%
和歌山県 上富田町 かみとんだ
100%
和歌山県 古座川町 こざがわ
100%
和歌山県 御坊市 ごぼう
100%
和歌山県 那智勝浦町 なちかつうら
100%
鳥取県 大山町 だいせん
100%
鳥取県 智頭町 ちづ
100%
鳥取県 伯耆町 ほうき
100%
鳥取県 米子市 よなご
100%
鳥取県 若桜町 わかさ
100%
島根県 出雲市 いずも
100%
島根県 隠岐の島町 おきのしま
100%
島根県 江津市 ごうつ
100%
島根県 益田市 ますだ
100%
岡山県 吉備中央町 きびちゅうおう
100%
岡山県 総社市 そうじゃ
100%
岡山県 高梁市 たかはし
100%
岡山県 備前市 びぜん
100%
岡山県 美作市 みまさか
100%
岡山県 和気町 わけ
100%
広島県 尾道市 おのみち
100%
広島県 神石高原町 じんせきこうげん
100%
広島県 廿日市市 はつかいち
100%
広島県 三次市 みよし
100%
山口県 阿武町 あぶ
100%
山口県 岩国市 いわくに
100%
山口県 宇部市 うべ
100%
山口県 下関市 しものせき
100%
山口県 周防大島町 すおうおおしま
100%
山口県 防府市 ほうふ
100%
徳島県 阿波市 あわ
100%
徳島県 鳴門市 なると
100%
香川県 観音寺市 かんおんじ
100%
香川県 小豆島町 しょうどしま
100%
愛媛県 今治市 いまばり
100%
愛媛県 鬼北町 きほく
100%
愛媛県 新居浜市 にいはま
100%
高知県 高知市 こうち
100%
高知県 四万十市 しまんと
100%
高知県 奈半利町 なはり
100%
高知県 南国市 なんこく
100%
福岡県 大牟田市 おおむた
100%
福岡県 志免町 しめ
100%
福岡県 太宰府市 だざいふ
100%
福岡県 筑後市 ちくご
100%
福岡県 筑紫野市 ちくしの
100%
福岡県 宗像市 むなかた
100%
福岡県 八女市 やめ
100%
佐賀県 武雄市 たけお
100%
佐賀県 鳥栖市 とす
100%
長崎県 壱岐市 いき
100%
長崎県 諫早市 いさはや
100%
長崎県 五島市 ごとう
100%
長崎県 対馬市 つしま
100%
熊本県 宇城市 うき
100%
熊本県 宇土市 うと
100%
熊本県 球磨村 くま
100%
熊本県 八代市 やつしろ
100%
熊本県 山都町 やまと
100%
大分県 臼杵市 うすき
100%
大分県 玖珠町 くす
100%
大分県 佐伯市 さいき
100%
大分県 別府市 べっぷ
100%
大分県 由布市 ゆふ
100%
宮崎県 都農町 つの
100%
宮崎県 延岡市 のべおか
100%
宮崎県 日向市 ひゅうが
100%
宮崎県 都城市 みやこのじょう
100%
鹿児島県 指宿市 いぶすき
100%
鹿児島県 鹿屋市 かのや
100%
鹿児島県 薩摩川内市 さつませんだい
100%
鹿児島県 曽於市 そお
100%
鹿児島県 垂水市 たるみず
100%
鹿児島県 南種子町 みなみたね
100%
鹿児島県 湧水町 ゆうすい
100%
沖縄県 大宜味村 おおぎみ
100%
沖縄県 北中城村 きたなかぐすく
100%
沖縄県 宜野座村 ぎのざ
100%
沖縄県 宜野湾市 ぎのわん
100%
沖縄県 北谷町 ちゃたん
100%
沖縄県 渡嘉敷村 とかしき
100%
沖縄県 豊見城市 とみぐすく
100%
沖縄県 中城村 なかぐすく
100%
沖縄県 今帰仁村 なきじん
100%
沖縄県 南風原町 はえばる
100%
沖縄県 本部町 もとぶ
100%
沖縄県 読谷村 よみたん
100%
北海道 釧路市 くしろ
89%
千葉県 茂原市 もばら
86%
富山県 砺波市 となみ
86%
大分県 国東市 くにさき
86%
愛知県 知立市 ちりゅう
83%
奈良県 平群町 へぐり
83%
和歌山県 印南町 いなみ
83%
北海道 音威子府村 おといねっぷ
80%
青森県 七戸町 しちのへ
80%
岩手県 矢巾町 やはば
80%
福島県 桑折町 こおり
80%
埼玉県 嵐山町 らんざん
80%
千葉県 御宿町 おんじゅく
80%
千葉県 神崎町 こうざき
80%
千葉県 東金市 とうがね
80%
神奈川県 海老名市 えびな
80%
石川県 宝達志水町 ほうだつしみず
80%
長野県 小布施町 おぶせ
80%
三重県 尾鷲市 おわせ
80%
愛媛県 久万高原町 くまこうげん
80%
長崎県 東彼杵町 ひがしそのぎ
80%
熊本県 水俣市 みなまた
80%
鹿児島県 奄美市 あまみ
80%
北海道 神恵内村 かもえない
75%
北海道 訓子府町 くんねっぷ
75%
北海道 比布町 ぴっぷ
75%
北海道 妹背牛町 もせうし
75%
岩手県 紫波町 しわ
75%
山形県 寒河江市 さがえ
75%
茨城県 行方市 なめがた
75%
群馬県 甘楽町 かんら
75%
埼玉県 幸手市 さって
75%
長野県 信濃町 しなの
75%
岐阜県 郡上市 ぐじょう
75%
静岡県 湖西市 こさい
75%
兵庫県 伊丹市 いたみ
75%
兵庫県 養父市 やぶ
75%
奈良県 三郷町 さんごう
75%
奈良県 御杖村 みつえ
75%
島根県 安来市 やすぎ
75%
徳島県 佐那河内村 さなごうち
75%
香川県 土庄町 とのしょう
75%
福岡県 小郡市 おごおり
75%
福岡県 嘉麻市 かま
75%
熊本県 阿蘇市 あそ
75%
熊本県 合志市 こうし
75%
鹿児島県 出水市 いずみ
75%
鹿児島県 肝付町 きもつき
75%
沖縄県 恩納村 おんな
75%
沖縄県 与那原町 よなばる
75%
北海道 浜頓別町 はまとんべつ
71%
福井県 若狭町 わかさ
71%
北海道 足寄町 あしょろ
67%
北海道 興部町 おこっぺ
67%
北海道 木古内町 きこない
67%
北海道 白糠町 しらぬか
67%
宮城県 大衡村 おおひら
67%
宮城県 蔵王町 ざおう
67%
秋田県 上小阿仁村 かみこあに
67%
山形県 上山市 かみのやま
67%
山形県 山辺町 やまのべ
67%
山形県 遊佐町 ゆざ
67%
福島県 葛尾村 かつらお
67%
茨城県 五霞町 ごか
67%
茨城県 美浦村 みほ
67%
栃木県 上三川町 かみのかわ
67%
群馬県 榛東村 しんとう
67%
群馬県 館林市 たてばやし
67%
東京都 昭島市 あきしま
67%
新潟県 聖籠町 せいろう
67%
山梨県 都留市 つる
67%
岐阜県 神戸町 ごうど
67%
岐阜県 坂祝町 さかほぎ
67%
兵庫県 宍粟市 しそう
67%
奈良県 上牧町 かんまき
67%
鳥取県 三朝町 みささ
67%
島根県 海士町 あま
67%
山口県 下松市 くだまつ
67%
山口県 美祢市 みね
67%
徳島県 牟岐町 むぎ
67%
愛媛県 砥部町 とべ
67%
高知県 越知町 おち
67%
福岡県 苅田町 かんだ
67%
福岡県 桂川町 けいせん
67%
福岡県 直方市 のおがた
67%
長崎県 時津町 とぎつ
67%
鹿児島県 志布志市 しぶし
67%
群馬県 神流町 かんな
60%
群馬県 東吾妻町 ひがしあがつま
60%
千葉県 匝瑳市 そうさ
60%
神奈川県 真鶴町 まなづる
60%
長野県 喬木村 たかぎ
60%
岐阜県 各務原市 かかみがはら
60%
愛知県 幸田町 こうた
60%
鳥取県 日吉津村 ひえづ
60%
福岡県 行橋市 ゆくはし
60%
三重県 木曽岬町 きそさき
57%
高知県 檮原町 ゆすはら
57%
青森県 階上町 はしかみ
50%
岩手県 久慈市 くじ
50%
宮城県 色麻町 しかま
50%
山形県 飯豊町 いいで
50%
福島県 会津坂下町 あいづばんげ
50%
福島県 磐梯町 ばんだい
50%
茨城県 大子町 だいご
50%
栃木県 壬生町 みぶ
50%
栃木県 真岡市 もおか
50%
群馬県 南牧村 なんもく
50%
埼玉県 加須市 かぞ
50%
埼玉県 三郷市 みさと
50%
東京都 国立市 くにたち
50%
三重県 紀宝町 きほう
50%
三重県 度会町 わたらい
50%
滋賀県 愛荘町 あいしょう
50%
京都府 和束町 わづか
50%
大阪府 茨木市 いばらき
50%
大阪府 四條畷市 しじょうなわて
50%
兵庫県 太子町 たいし
50%
島根県 邑南町 おおなん
50%
島根県 知夫村 ちぶ
50%
岡山県 赤磐市 あかいわ
50%
香川県 直島町 なおしま
50%
長崎県 小値賀町 おぢか
50%
熊本県 相良村 さがら
50%
熊本県 苓北町 れいほく
50%
鹿児島県 姶良市 あいら
50%
鹿児島県 龍郷町 たつごう
50%
鹿児島県 中種子町 なかたね
50%
沖縄県 粟国村 あぐに
50%
沖縄県 伊是名村 いぜな
50%
沖縄県 渡名喜村 となき
50%
山口県 上関町 かみのせき
40%
福岡県 中間市 なかま
40%
岩手県 軽米町 かるまい
33%
埼玉県 長瀞町 ながとろ
33%
東京都 御蔵島村 みくらじま
33%
長野県 東御市 とうみ
33%
福岡県 香春町 かわら
33%
熊本県 和水町 なごみ
33%
福岡県 上毛町 こうげ
29%
岩手県 普代村 ふだい
25%
福岡県 遠賀町 おんが
25%
北海道 安平町 あびら
0%
北海道 置戸町 おけと
0%
北海道 標津町 しべつ
0%
北海道 寿都町 るすつ
0%
北海道 西興部村 にしおこっぺ
0%
北海道 平取町 びらとり
0%
北海道 古平町 ふるびら
0%
北海道 真狩村 まっかり
0%
青森県 蓬田村 よもぎた
0%
岩手県 一戸町 いちのへ
0%
岩手県 遠野市 とおの
0%
宮城県 七ヶ宿町 しちかしゅく
0%
秋田県 潟上市 かたがみ
0%
福島県 檜枝岐村 ひのえまた
0%
東京都 檜原村 ひのはら
0%
長野県 泰阜村 やすおか
0%
岐阜県 輪之内町 わのうち
0%
愛知県 飛島村 とびしま
0%
三重県 菰野町 こもの
0%
奈良県 曽爾村 そに
0%
奈良県 野迫川村 のせがわ
0%
和歌山県 有田川町 ありだがわ
0%
鳥取県 湯梨浜町 ゆりはま
0%
愛媛県 松前町 まさき
0%
高知県 安芸市 あき
0%
高知県 宿毛市 すくも
0%
福岡県 大任町 おおとう
0%
福岡県 築上町 ちくじょう
0%
佐賀県 神埼市 かんざき
0%
大分県 杵築市 きつき
0%
宮崎県 高千穂町 たかちほ
0%
沖縄県 嘉手納町 かでな
0%
沖縄県 金武町 きん
0%
沖縄県 国頭村 くにがみ
0%
No matching quizzes found
Score Distribution
Percent of People with Each Score
Percentile by Number Answered
Your Score History
You have not taken this quiz since the last reset